000 00694nam a2200217Ii 4500
003 JO-AjNU
008 230605s9999||||xx |||||||||||||| ||und||
017 _a2009/7/3028
040 _aJO-AjNU
_bara
_erda
_cJO-AjNU
041 _aara
050 1 4 _aDS154.5.M3722 2009
100 3 _aتاليف مشاقبة، أمين,
_eauthor
_927177
245 0 0 _aالنظام السياسي الآردني
250 _aط1
264 3 1 _aعمان: امانة عمان الكبرى، 2009
300 _a115ص
336 _atext
_btxt
_2rdacontent
337 _aunmediated
_bn
_2rdamedia
338 _avolume
_bnc
_2rdacarrier
650 4 _aالاردن- الانظمة السياسية-تاريخ
_927178
999 _aA10392
_c13960
_d13960